Todos los equipos de la historia = Segunda B/Primera RFEF/Segunda RFEF - Estadísticas

Estadísticas generales
  • Esta prueba ha sido intentada 605 veces
    102 desde el último reinicio
  • La puntuación promedio es 172 de 413
Estadísticas de respuestas
Temporadas Provincia Equipo % Correcto
41 Pontevedra Pontevedra
98%
40 León Cultural Leonesa
95%
38 Guipúzcoa Real Sociedad B
93%
4 Guipúzcoa Real Sociedad C
93%
36 Sevilla Sevilla Atletico
93%
16 Cádiz Cadiz
92%
6 Cádiz Cadiz B
92%
22 Granada Granada
92%
12 Granada Granada B
92%
39 Melilla Melilla
92%
27 Madrid Real Madrid Castilla
92%
15 Toledo Toledo
92%
12 Álava Alaves
90%
12 Álava Alaves B
90%
3 Málaga Atletico Malagueño
90%
31 Ceuta Ceuta
90%
5 La Coruña Deportivo
90%
28 Zaragoza Deportivo Aragon
90%
14 La Coruña Deportivo Fabril
90%
13 Gerona Girona
90%
26 Lugo Lugo
90%
5 Málaga Malaga
90%
38 Navarra Osasuna B
90%
9 Tenerife Tenerife
90%
3 Tenerife Tenerife B
90%
1 Almería AD Almeria
89%
6 Almería Almeria
89%
7 Almería Almeria B
89%
25 Córdoba Cordoba
89%
4 Córdoba Cordoba B
89%
18 Huesca Huesca
89%
1 Huesca Huesca B
89%
3 Baleares Mallorca
89%
19 Baleares Mallorca B
89%
9 Asturias Oviedo
89%
17 Asturias Oviedo Vetusta
89%
5 Madrid Rayo Vallecano
89%
4 Madrid Rayo Vallecano B
89%
32 Jaén Real Jaen
89%
19 Murcia Real Murcia
89%
29 Murcia Cartagena
87%
2 Murcia Cartagena B
87%
33 Lérida Lleida
87%
15 Cantabria Rayo Cantabria
87%
1 Orense UD Ourense
87%
4 Castellón Villarreal
87%
12 Albacete Albacete
85%
25 Badajoz Badajoz
85%
30 Sevilla Betis B
85%
20 Burgos Burgos
85%
2 Burgos Burgos Promesas
85%
23 Alicante Hércules
85%
6 Las Palmas Las Palmas
85%
14 Las Palmas Las Palmas B
85%
14 Soria Numancia
85%
7 Cantabria Racing Santander
85%
16 Huelva Recreativo
85%
25 Valladolid Valladolid B
85%
30 Zamora Zamora
85%
28 Barcelona Barcelona B
84%
36 Vizcaya Bilbao Athletic
84%
1 Pontevedra Celta
84%
28 Pontevedra Celta B
84%
11 Madrid Getafe
84%
11 Madrid Getafe B
84%
32 Tarragona Gimnastic Tarragona
84%
16 Madrid Leganes
84%
3 Madrid Leganes B
84%
20 Badajoz Merida
84%
9 Salamanca Salamanca
84%
4 Salamanca Salamanca UDS
84%
29 Valencia Valencia Mestalla
84%
39 Vizcaya Barakaldo
82%
17 Castellón Castellon
82%
16 Baleares Ibiza
82%
12 Valencia Levante
82%
12 Valencia Levante B
82%
23 Asturias Real Avilés
82%
12 Teruel Teruel
82%
7 Guipúzcoa Eibar
80%
2 Guipúzcoa Eibar B
80%
8 Alicante Elche
80%
2 Alicante Elche Ilicitano
80%
25 Barcelona Espanyol B
80%
11 Guadalajara Guadalajara
80%
33 Guipúzcoa Real Unión
80%
12 Madrid Alcorcon
79%
1 Madrid Alcorcon B
79%
2 Murcia Real Murcia B
79%
7 La Rioja SD Logroñes
79%
35 Madrid Atletico B
77%
11 La Rioja CD Logroñes
77%
6 La Rioja CD Logroñes B
77%
5 La Rioja Logroñes CF
77%
24 Orense Ourense
77%
15 Palencia Palencia
77%
30 La Coruña Racing Ferrol
77%
12 Ávila Real Ávila
77%
27 Barcelona Sabadell
77%
16 La Rioja UD Logroñes
77%
2 La Rioja UD Logroñes B
77%
24 León Ponferradina
75%
9 Tarragona Reus
75%
1 Tarragona Reus Reddis
75%
21 Madrid Alcala
74%
5 Sevilla Alcala de Guadaira
74%
23 Cádiz Algeciras
74%
4 Barcelona Europa
74%
23 Madrid Fuenlabrada
74%
15 Burgos Mirandés
74%
13 Villarreal Villarreal B
74%
20 Andorra Andorra
72%
14 Teruel Andorra (Teruel)
72%
16 Badajoz Extremadura
72%
20 Málaga Marbella
72%
29 Toledo Talavera
72%
18 Cádiz Xerez
72%
2 Cádiz Xerez Deportivo
72%
23 Cáceres Cacereño
70%
7 Salamanca Unionistas
70%
7 Segovia Gimnastica Segoviana
69%
26 Vizcaya Sestao
69%
9 Alicante Alicante
67%
21 Baleares Atletico Baleares
67%
19 Barcelona Badalona
67%
19 La Coruña Compostela
66%
18 Cuenca Conquense
66%
14 Alicante Eldense
66%
22 Murcia Lorca*
66%
34 Alicante Alcoyano
64%
24 Jaén Linares
64%
22 Barcelona Sant Andreu
64%
6 Orense Arenteiro
62%
24 Cantabria Gimnastica Torrelavega
61%
24 Asturias Langreo
61%
7 Madrid Mostoles
61%
12 Vizcaya Arenas de Getxo
59%
31 Barcelona Hospitalet
59%
12 Madrid Rayo Majadahonda
59%
11 Barcelona Cornella
57%
6 Almería El Ejido
57%
19 Cádiz San Fernando
57%
4 Valencia Torrent
57%
2 Las Palmas UD San Fernando
57%
6 Madrid Real Madrid C
56%
23 Barcelona Terrassa
56%
11 Murcia Aguilas
54%
2 León Atletico Astorga
52%
14 Ciudad Real Puertollano
52%
25 Madrid Sanse
52%
16 Cádiz Atletico Sanluqueño
51%
19 Alicante Benidorm
51%
15 Pontevedra Coruxo
51%
1 Málaga Juventud Torremolinos
51%
3 Vizcaya Portugalete
51%
12 Murcia UCAM Murcia
51%
12 Vizcaya Amorebieta
49%
8 Badajoz Don Benito
49%
20 Salamanca Guijuelo
49%
8 Lérida Olot
49%
5 Barcelona Barcelona C
48%
3 Sevilla Dos Hermanas
48%
4 Madrid DUX Inter
48%
4 Baleares Formentera
48%
28 Cádiz Linense
48%
7 Tenerife Marino
48%
5 Zaragoza Tarazona
48%
20 Navarra Tudelano
48%
10 Málaga Antequera
44%
15 La Rioja Calahorra
44%
13 Valencia Gandia
44%
1 Vizcaya Getxo
44%
6 Asturias Lealtad
44%
31 Asturias Sporting B
44%
4 Huesca Barbastro
43%
14 Asturias Caudal
43%
7 Badajoz Jerez
43%
8 Pontevedra Arosa
41%
3 La Coruña Bergantiños
41%
11 Málaga Estepona
41%
5 Cáceres Plasencia
41%
2 Cáceres Coria
39%
3 Sevilla Coria del Rio
39%
2 Barcelona Manresa
39%
6 Granada Motril
39%
19 Alicante Orihuela
39%
5 Madrid Parla
39%
19 Murcia Yeclano
39%
4 Madrid Colonia Moscardo
38%
8 Zaragoza Ebro
38%
3 La Rioja Haro
38%
4 Alicante Intercity
38%
10 Las Palmas Lanzarote
38%
14 Tenerife Mensajero
38%
16 Badajoz Villanovense
38%
5 Burgos Arandina
36%
5 Cantabria Laredo
36%
8 Córdoba Lucena
36%
6 Ciudad Real Manchego
36%
4 Zaragoza Utebo
36%
5 Baleares Manacor
34%
4 Barcelona Mataro
34%
11 Madrid Navalcarnero
34%
1 Cuenca Quintanar del Rey
34%
14 Valencia Alzira
33%
6 Albacete La Roda
33%
3 Jaén Mancha Real
33%
1 Cantabria Sámano
33%
5 Alicante Denia
31%
21 Sevilla Ecija
31%
4 Zaragoza Ejea
31%
17 Vizcaya Gernika
31%
10 Gerona Llagostera
31%
19 Asturias Marino Luanco
31%
17 Valencia Ontinyent
31%
2 Asturias Covadonga
30%
18 Gerona Figueres
30%
2 Madrid Las Rozas
30%
11 Navarra Peña Sport
30%
4 Almería Roquetas
30%
12 Huelva San Roque Lepe
30%
6 Madrid Torrejon
30%
4 Málaga Velez Malaga
30%
7 La Rioja Alfaro
28%
3 Baleares Andratx
28%
4 Valencia Atletico Saguntino
28%
7 Vizcaya Leioa
28%
7 Barcelona Prat
28%
12 Guipúzcoa Beasain
26%
2 Baleares Ibiza Islas Pitiusas
26%
20 Navarra Izarra
26%
1 Asturias Llanera
26%
8 Ciudad Real Tomelloso
26%
4 Navarra Mutilvera
25%
2 Palencia Palencia Cristo Atletico
25%
1 Lugo Sarriana
25%
4 Ciudad Real Socuellamos
25%
3 Sevilla Utrera
25%
2 Álava Vitoria
25%
2 Murcia Cieza
23%
1 Murcia Deportiva Minera
23%
4 Granada Guadix
23%
5 Valencia Huracan Valencia
23%
2 Toledo Illescas
23%
2 La Rioja Naxara
23%
9 Almería Poli Ejido
23%
4 Madrid Real Aranjuez
23%
1 Barcelona Rubi
23%
5 Alicante Torrevieja
23%
12 Las Palmas Universidad LP
23%
3 Asturias Universidad Oviedo
23%
1 Lérida Atletic Lleida
21%
3 Tenerife Atletico Paso
21%
1 La Coruña Boiro
21%
7 Vizcaya Cultural Durango
21%
3 Málaga Fuengirola
21%
5 Alicante La Nucia
21%
4 Gerona Palamos
21%
1 Córdoba Puente Genil
21%
2 Pontevedra Rapido de Bouzas
21%
1 Málaga Ronda
21%
5 Madrid Union Adarve
21%
1 Las Palmas Union Sur Yaiza
21%
10 Las Palmas Vecindario
21%
3 Granada Baza
20%
3 Las Palmas Fuerteventura
20%
9 Barcelona Gava
20%
6 Pontevedra Lalin
20%
4 Cantabria Noja
20%
8 Baleares Poblense
20%
1 Baleares Porreres
20%
8 Vizcaya Basconia
18%
1 Barcelona Castelldefels
18%
5 Murcia Jumilla
18%
4 Lérida Mollerussa
18%
9 Baleares Peña Deportiva
18%
3 Navarra San Juan
18%
4 Vizcaya Santurtzi
18%
2 Albacete Villarrobledo
18%
2 Sevilla Atletico Antoniano
16%
3 Murcia Caravaca
16%
2 Cantabria Cayon
16%
1 Cantabria Escobedo
16%
4 Huesca Fraga
16%
2 Murcia La Union
16%
3 Badajoz Montijo
16%
3 La Rioja Arnedo
15%
1 Valencia Atzeneta
15%
8 Badajoz Diter Zafra
15%
4 Vizcaya Erandio
15%
1 Granada Granada 74
15%
1 Granada Loja
15%
6 Las Palmas Maspalomas
15%
2 Gerona Peralada
15%
3 La Coruña Somozas
15%
2 Las Palmas Tamaraceite
15%
5 Cantabria Tropezon
15%
2 Córdoba Villanueva
15%
7 Vizcaya Bermeo
13%
13 Huesca Binefar
13%
3 Zaragoza Brea
13%
2 Madrid Carabanchel
13%
1 La Coruña Cerceda
13%
3 Barcelona Cerdanyola
13%
2 Murcia Ciudad de Murcia
13%
3 Málaga El Palo
13%
1 Guadalajara Marchamalo
13%
5 Murcia Mar Menor
13%
1 La Coruña Negreira
13%
8 Alicante Novelda
13%
1 Castellón Onda
13%
1 Las Palmas Panaderia Pulido
13%
1 Baleares Penya Independent
13%
9 Almería Poli Almeria
13%
1 Asturias Ribadesella
13%
3 Málaga San Pedro
13%
1 Cantabria Santoña
13%
4 Las Palmas Telde
13%
1 Madrid Trival Valderas
13%
1 Navarra Valle de Egües
13%
2 Vizcaya Zamudio
13%
12 Álava Amurrio
11%
3 Cáceres Arroyo
11%
1 Asturias Ceares
11%
3 Baleares Constancia
11%
18 Barcelona Gramanet
11%
1 Badajoz Llerenense
11%
1 Baleares Llosetense
11%
11 Valencia Olimpic Xativa
11%
11 Cádiz Racing Portuense
11%
1 Lugo Racing Villalbes
11%
6 Alicante Villajoyosa
11%
1 Navarra Ardoi
10%
9 La Coruña As Pontes
10%
1 Almería Atletico Pulpileño
10%
1 Baleares Binissalem
10%
1 La Coruña Ciudad de Santiago
10%
1 Ciudad Real Daimiel
10%
3 Guipúzcoa Elgoibar
10%
1 Barcelona Jupiter
10%
20 Vizcaya Lemona
10%
1 Murcia Mazarron
10%
3 La Coruña Montañeros
10%
3 Cáceres Moralo
10%
2 La Rioja Racing Rioja
10%
2 Burgos Real Burgos
10%
1 Jaén Torredonjimeno
10%
3 Ciudad Real Valdepeñas
10%
2 Ciudad Real Villarrubia
10%
1 Albacete Almansa
8%
1 Cádiz Jerez Industrial
8%
3 Orense Ponte Ourense
8%
1 Madrid Puerta Bonita
8%
1 Barcelona Santboia
8%
9 Baleares Sporting Mahones
8%
1 La Coruña Atletico Arteixo
7%
8 Álava Aurrera Vitoria
7%
1 Navarra Cirbonero
7%
2 Murcia Ciudad de Lorqui
7%
3 Las Palmas Corralejo
7%
3 Las Palmas Galdar
7%
1 León Hullera
7%
2 Huelva Isla Cristina
7%
8 Barcelona Manlleu
7%
1 Asturias Mosconia
7%
1 Baleares Soller
7%
1 Madrid Ursaria
7%
2 Castellón Vinaros
7%
2 Vizcaya Zalla
7%
1 La Rioja Anguiano
5%
1 Madrid Cobeña
5%
1 Cáceres Diocesano
5%
5 Asturias Ensidesa
5%
2 Guipúzcoa Hernani
5%
3 Pontevedra Juventud Cambados
5%
1 Zaragoza La Muela
5%
1 Álava Laudio
5%
1 Sevilla Los Palacios
5%
1 Valencia Oliva
5%
2 Murcia Sangonera
5%
1 Guipúzcoa Touring
5%
1 Granada Arenas de Armilla
3%
1 Castellón Burriana
3%
2 Las Palmas Castillo
3%
3 Badajoz Cerro Reyes
3%
1 Asturias Club Siero
3%
1 Madrid DAV Santa Ana
3%
5 Madrid Galactico Pegaso
3%
1 Valladolid Gimnastica Medinense
3%
2 Valencia Lliria
3%
2 Málaga Los Boliches
3%
3 Almería Marmol Macael
3%
1 Murcia Moratalla
3%
1 Castellón Nules
3%
1 Las Palmas Orientacion Maritima
3%
12 Las Palmas Pajaras Playas Jandia
3%
4 Barcelona Premia
3%
1 Huesca Sariñena
3%
1 Badajoz Sporting Villanueva
3%
1 Navarra Subiza
3%
1 Navarra Txantrea
3%
3 Castellón Vall de Uxo
3%
2 Las Palmas Villa Santa Brigida
3%
3 Navarra Azkoyen
2%
2 Baleares Cala Millor
2%
2 Zaragoza Casetas
2%
1 Zaragoza Figueruelas
2%
1 Alicante Horadada
2%
1 Tarragona Pobla Mafumet
2%
2 Tenerife Raqui
2%
3 Tenerife Realejos
2%
1 Murcia Roldan
2%
1 Baleares Santa Ponsa
2%
No se encontraron pruebas coincidentes
Distribución de puntuación
Porcentaje de gente con cada puntuación
Porcentaje por número respondido
Historial de tus puntuaciones
No has intentado esta prueba desde el último reinicio